Chain Word Countries - Statistics

General Stats
  • This quiz has been taken 61 times
  • The average score is 10 of 15
Answer Stats
Hint Answer % Correct
The country that bombedJpan back in 1945 USA
98%
It capital city is Kabul Afghanistan
89%
The country of Himalaya Nepal
89%
It is known for its pyramids Egypt
88%
This country is where Lioniel Messi from Argentina
79%
The only country that starts with this letter Oman
77%
The most populated country in Africa Nigeria
73%
Most bombed country Laos
61%
It has the shortest coasline in Africa Togo
57%
The youngest country in the Americas Antigua &Barbuda
55%
It capital city is the most visitedcapital in the world Thailand
50%
country to recognize Palestineas an independent country Algeria
46%
One of the hottest countriesin the Arab League Djibouti
43%
This country is named after oneof the elephant's organs Ivory coast
43%
It capital city is Freetown Sierra leone
18%
No matching quizzes found
Score Distribution
Percent of People with Each Score
Percentile by Number Answered
Your Score History
You have not taken this quiz